| 000 | 01842nam a2200469 i 4500 | ||
|---|---|---|---|
| 001 | 28800 | ||
| 003 | KOSZ 005 | ||
| 005 | 20240405063044.0 | ||
| 008 | 200618s1988 pl a g f 100 0 pol d | ||
| 040 |
_aKOSZ 005 _cKOSZ 005/RW |
||
| 045 | _bd1939 | ||
| 046 | _k1988 | ||
| 080 | _a94(438).082.1 | ||
| 080 | _a355/359(438) | ||
| 080 | _a355.48(438) | ||
| 111 | 2 |
_aSeminarium Historyków Polskich Działań Obronnych 1939 r. _n(3 ; _d1988 ; _cKoszalin) |
|
| 245 | 0 | 0 |
_aBitwy września 1939 r. : _bmateriały z III Seminarium Historyków Wojny Obronnej, Koszalin, 9 maja 1988 r. / _cpod redakcją naukową Bogusława Polaka. |
| 260 |
_aKoszalin : _bWydawnictwo Uczelniane Wyższej Szkoły Inżynierskiej, _c1988. |
||
| 300 |
_a231 stron, [13] stron tablic : _bilustracje ; _c24 cm. |
||
| 336 |
_aTekst _btxt _2rdacontent |
||
| 337 |
_aBez urządzenia pośredniczącego _bn _2rdamedia |
||
| 338 |
_aWolumin _bnc _2rdacarrier |
||
| 380 | _aKsiążki | ||
| 380 | _aPublikacje naukowe | ||
| 388 | _a1901-2000 | ||
| 388 | _a1945-1989 | ||
| 500 | _aW książce ISSN 0239-7129 związany z tytułem serii Monografie - Wyższa Szkoła Inżynierska w Koszalinie. | ||
| 648 | 7 | _a1901-2000 | |
| 648 | 7 | _a1939-1945 | |
| 650 | 7 | _aII wojna światowa (1939-1945) | |
| 650 | 7 | _aKampania wrześniowa (1939) | |
| 650 | 7 | _aWojsko | |
| 650 | 7 | _aOficerowie | |
| 651 | 7 | _aPolska | |
| 655 | 7 | _aMateriały konferencyjne | |
| 658 | _aHistoria | ||
| 658 | _aBezpieczeństwo i wojskowość | ||
| 700 | 1 |
_aPolak, Bogusław _d(1945- ) _eRedakcja |
|
| 710 | 2 |
_aWydawnictwo Uczelniane (Wyższa Szkoła Inżynierska ; Koszalin) _4pbl |
|
| 856 |
_uhttp://koha.tu.koszalin.pl/cgi-bin/koha/opac-detail.pl?biblionumber=28800 _yKatalog online BPK |
||
| 942 |
_2UKD _cKS |
||
| 999 |
_c28800 _d28800 |
||